|
|
|
|
| LEADER |
00000nam0a2200000 4500 |
| 001 |
340530 |
| 005 |
20231102005241.0 |
| 035 |
|
|
|a (RuTPU)RU\TPU\book\367431
|
| 090 |
|
|
|a 340530
|
| 100 |
|
|
|a 20180402d1969 k y0rusy50 ca
|
| 101 |
0 |
|
|a rus
|
| 102 |
|
|
|a KZ
|
| 105 |
|
|
|a a dm 001zy
|
| 200 |
1 |
|
|a Исследование процессов электрохимического растворения концентрированных индиевых амальгам
|e автореферат диссертации на соискание ученой степени кандидата химических наук
|e спец. 02.00.05
|f Е. Е. Кобранд
|g Академия наук Казахской ССР (АН КазССР), Институт химических наук ; науч. рук. Л. Ф. Козин ; науч. конс. И. А. Шека
|
| 210 |
|
|
|a Алма-Ата
|c [Б. и.]
|d 1969
|
| 215 |
|
|
|a 22 с.
|c ил.
|
| 320 |
|
|
|a Библиогр.: с. 21-22 (9 назв.)
|
| 606 |
1 |
|
|a Амальгамная металлургия
|2 stltpush
|3 (RuTPU)RU\TPU\subj\21974
|9 46877
|
| 610 |
1 |
|
|a высокочисты индий
|
| 610 |
1 |
|
|a металлы
|
| 610 |
1 |
|
|a ионизация
|
| 610 |
1 |
|
|a электрохимические процессы
|
| 610 |
1 |
|
|a амальгама индия
|
| 610 |
1 |
|
|a анодное растворение
|
| 610 |
1 |
|
|a авторефераты диссертаций
|
| 610 |
1 |
|
|a библиотека А. Г. Стромберга
|
| 675 |
|
|
|a 669.79(04)
|v 4
|
| 686 |
|
|
|a 02.00.05
|2 oksvnk
|
| 700 |
|
1 |
|a Кобранд
|b Е. Е.
|
| 702 |
|
1 |
|a Козин
|b Л. Ф.
|4 727
|
| 702 |
|
1 |
|a Шека
|b И. А.
|4 695
|
| 712 |
0 |
2 |
|a Академия наук Казахской ССР (АН КазССР)
|b Институт химических наук
|2 stltpush
|3 (RuTPU)RU\TPU\col\11297
|
| 801 |
|
1 |
|a RU
|b 63413507
|c 20180402
|
| 801 |
|
2 |
|a RU
|b 63413507
|c 20180423
|g RCR
|
| 942 |
|
|
|c BK
|